=LDR 00000nam 2200000 4500 =001 INLIS000000000035731 =005 20170125114327.0 =006 =007 =008 Ind =035 ##$$0010-061300000035731 =041 ##$$a Ind =082 ##$$a 371027 =090 ##$$a 371 .27 Ham t =100 ##$$a Hamalik, Oemar =245 ##$$a Teknik Pengukuran dan Evaluasi, Oleh DR. Oemar Hamalik =260 ##$$a Bandung $b Mandar Maju $c 2001 =300 ##$$a xii, 186 hlm, ilus, 21 cm =650 ##$$a Teknik Pengukuran =850 ##$$a NBPNMAT =990 ##$$a 0001/BPAP-NTB/2016 =990 ##$$a 21601610/BPAP-NTB/2017